000 00647nam a22002537a 4500
003 UA-OsUOA
001 27990
007 ta
008 20040917b un ||||| |||| 00| 0 ukr d
100 _aБлэк Д.А.
090 _a283/289
_bБ70
942 _cBK
040 _aUA-OsUOA
_bukr
_cUA-OsUOA
_dUA-OsUOA
245 _aИспользование греческого языка Нового Завета в служении
300 _a136 с.
955 _a0
041 _aukr
080 _a283/289
020 _a966-7774-37-6
260 _aЧеркассы
_bСмирна
_c2004
044 _aUA
650 7 _2UDC
999 _c314343
_d314343